000 01108cam a2200325 4500
008 090401t1993 xxu||||| |||| 00| 0 eng d
020 _a0854065792
035 _a(Sirsi) u57673
041 _aeng
050 _a346.410432
090 _aRICS 1993/92ABCD
100 _aPowell, David J.
245 2 _aA guide to boundary demarcation procedure in England and Wales.
_c[old edition]
260 _aLondon
_bRICS
_c1993
300 _a36p. : ill. ; 30cm.
350 _a14.95
490 _aRICS Guidance Note
520 _aSuperseded by second edition (ISBN 9781842194959).
650 _aBoundary disputes
_96221
650 _aBoundary disputes
_96221
650 _aBOUNDARY SURVEYS
650 _aGUIDANCE NOTES
650 _aLAW
650 _aABOUT RICS
690 _aLAND
710 _aRoyal Institution of Chartered Surveyors
_94900
856 _uhttps://www.isurv.com/downloads/file/2802/archive_guide_to_boundary_demarcation_procedure_in_england_and_wales_1st_edition_december_1993%E2%80%93june_2009
_zArchived on isurv (subscription required)
942 _n0
_2ddc
948 _c04/03/1997
999 _c93960
_d93960